000 00778nam a2200277Ia 4500
003 OSt
005 20221006153141.0
006 a|||||r|||| 00| 0
007 ta
008 221006b |||||||| |||| 00| 0 jpn d
020 _c¥3900
024 _a31,437
037 _bGift, Donated By Prof. Sonoko Hijikata
_cTextual
040 _aEASL
_cEASL
_bjpn
041 _2jpn
_ajpn
082 _aB12:(P:4k), N4
100 _aGAKKEN
_9662637
245 0 _aGakken sansu omoshiro daijiten
260 _aTokyo
_bGakushu Kenkyusha Japan
_c1994
300 _a400p.
_ccm.
490 _v RR
650 _a JL
650 _aDict of Numbers
_9662638
942 _hB12:(P:4k), N4
_cTEXL
_2CC
999 _c1099523
_d1099523